| 000 | 00945nam a2200253Ia 4500 | ||
|---|---|---|---|
| 005 | 20220511152045.0 | ||
| 008 | 210716s2011 xx 000 0 und d | ||
| 020 | _a9780070683419 | ||
| 040 | _cAIMIT LIBRARY | ||
| 041 | _aeng | ||
| 082 |
_a658.4012 _24 _bBURR |
||
| 100 |
_aBurgelman, Robert A. _936132 |
||
| 245 |
_aStrategic management of technology and innovation / _cBy Robert A.Burgelman, Clayton M. Christensen and Steven C. Wheelwright |
||
| 250 | _a4th ed. | ||
| 260 |
_aNew Delhi : _bTata McGraw Hill Publishing Company Ltd , _c2011. |
||
| 300 |
_axiv, 1208p. _c24 cm. |
||
| 650 |
_aStrategic Management _936133 |
||
| 650 |
_aIntegrating Technology and Strategy _936134 |
||
| 650 |
_aDesign and Implementation of Technology Strategy _936135 |
||
| 650 |
_aEnactment of Technology Strategy _936136 |
||
| 700 |
_aChristensen, Clayton M. _936137 |
||
| 700 |
_aWheelwright, Steven C. _936138 |
||
| 942 |
_2ddc _cBK _e4th _k658.4012 BURR |
||
| 999 |
_c211072 _d211072 |
||